000 00447nam a2200145 i 4500
001 33293
003 ES-MaACL
007 t|
008 030201s1909 ag ||||1| spa d
100 1 _aBiedma, José Juan.
_928800
245 1 0 _aBiografía argentina
_b: Suarez y Olavarría : memorias y bosquejo biográfico /
_cJosé Juan Biedma.
260 _aBuenos Aires :
_bCabaut y Cía.,
_c1909.
300 _a173 p. ;
_c23 cm.
852 _aES-MaACL
_jG-5373
999 _c33293
_d33293